[Event "RUS-Cup6"]
[Site "Krasnodar"]
[Date "1997.??.??"]
[Round "5"]
[White "Yakovich, Yuri"]
[Black "Tregubov, Pavel V"]
[Result "0-1"]
[WhiteElo "2575"]
[BlackElo "2525"]
[Annotator "Tsesarsky,I"]
[PlyCount "124"]
[EventDate "1997.03.11"]
[EventType "swiss"]
[EventRounds "9"]
[EventCountry "RUS"]
[SourceTitle "EXT 2000"]
[Source "ChessBase"]
[SourceDate "1999.11.16"]
[SourceVersion "1"]
[SourceVersionDate "1999.11.16"]
[SourceQuality "1"]

1. d4 {Hecht} d5 2. c4 c6 3. Nf3 e6 4. Nbd2 Nf6 5. g3 c5 6. cxd5 (6. Bg2 Nc6 (
6... cxd4 7. Nxd4 e5 8. N4f3 e4 9. Nd4 Bc5 10. e3 Bxd4 11. exd4 O-O 12. O-O Nc6
13. cxd5 Qxd5 $11 {1-0 Zudov,M-Arkhangelsky,B/Moscow4 1991 (36)}) 7. dxc5 Bxc5
8. O-O O-O 9. Nb3 Bb6 10. cxd5 Nxd5 11. Bd2 Qe7 12. e4 Nc7 13. e5 Nd5 14. Qe2
h6 15. Rac1 Bd7 $11 {0-1 Tolstikh,N-Tregubov,P/Volgograd 1994 (29)}) 6... exd5
(6... Nxd5 7. dxc5 (7. Bg2 Nc6 8. O-O cxd4 9. Nb3 Be7 (9... e5 $2 10. Nxe5 $1
Ndb4 (10... Nxe5 11. Qxd4 $18) 11. Nxc6 Nxc6 12. Bxc6+ bxc6 13. Nxd4 $18 {
1-0 Stern,R-Wegner,H/BL 1995 (39)}) 10. Nbxd4 Nxd4 11. Nxd4 O-O 12. e4 Nb4 13.
a3 e5 14. Nf5 Nc6 15. Be3 Bf6 16. Bc5 Qxd1 17. Rfxd1 Rd8 18. Rxd8+ Bxd8 19. Rd1
Be6 $11 {1/2-1/2 Wojtkiewicz,A-Yermolinsky,A/New York Hudson 1993 (26)}) 7...
Bxc5 8. Bg2 (8. Ne4 Bb4+ $11) 8... Bxf2+ $1 9. Kxf2 Qb6+ 10. Ke1 (10. e3 Nxe3
$19) 10... Ne3 11. Nc4 $8 Nxc4 12. Qa4+ Qc6 13. Qxc6+ Nxc6 $15 {0-1 Pakala-Tal,
M/1/2-final Riga Championship 1950 (29)}) 7. Bg2 Nc6 8. O-O c4 $6 (8... cxd4 9.
Nb3 Be7 10. Nbxd4 O-O 11. b3 Re8 12. Bb2 Ne4 13. Rc1 $14 {time 1-0 Bischoff,
K-Boehm,J/Dortmund 1985 (40)}) (8... Bf5 9. dxc5 Bxc5 10. Nb3 Bb6 11. Nfd4 Be4
12. Be3 (12. f3 Bg6 13. e3 O-O 14. Bd2 $11) (12. Nxc6 bxc6 13. Bg5 Bxg2 14.
Kxg2 h6 15. Bf4 O-O 16. Rc1 Rc8 17. Nd4 c5 18. Nf5 Qd7 $15) 12... O-O 13. Nxc6
(13. Bxe4 $5 Nxe4 (13... dxe4 14. Nxc6 bxc6 15. Bc5 $14) 14. Nf5 Qd7 15. Bxb6
Qxf5 16. Bd4 $14) 13... bxc6 14. Bd4 Bxg2 15. Kxg2 Ne4 16. Rc1 Rc8 17. Nc5 Qe7
18. b4 {1/2-1/2 Furman,S-Gufeld,E/URS-ch26 Tbilisi 1959}) 9. b3 $5 $14 cxb3 (
9... c3 $6 10. Nb1 Ne4 (10... Qa5 11. Qd3 Ne4 12. Ne5 Nxe5 13. dxe5 Bb4 14.
Bxe4 dxe4 15. Qxe4 O-O 16. a3 Be7 17. Bf4 $16) 11. Ne1 Qa5 12. f3 Nf6 13. Nc2
Bf5 14. e4 dxe4 15. fxe4 Bg6 16. e5 Nd5 17. Bxd5 Qxd5 18. Nxc3 Qd7 19. Be3 Bxc2
20. Qxc2 Nxd4 21. Qf2 $16) 10. Nxb3 Bd6 11. Bg5 (11. Bb2 O-O 12. Rc1 Re8 $11) (
11. Ne1 O-O 12. Nd3 Re8 13. Bf4 Bg4 14. Re1 Rc8 15. Bxd6 Qxd6 16. Rc1 Bf5 17.
e3 b6 $11) 11... O-O 12. Ne1 Be7 13. Nd3 Ne4 14. Bxe7 Qxe7 15. e3 (15. Rc1 $14)
15... Rd8 16. Qe2 $5 (16. Rc1 $1 {[%csl Rc6][%cal Gb7b6]} Bf5 17. g4 Bg6 18.
Nf4 $14) 16... a5 $5 17. Rfc1 a4 18. Nbc5 $6 (18. Nd2 Bf5 19. Nxe4 dxe4 (19...
Bxe4 20. Bh3 $14) 20. Nf4 $14) 18... Nxc5 19. Rxc5 (19. Nxc5 Nxd4 $11) 19...
Nxd4 $11 20. Qb2 (20. Qd2 Nf5 21. Rxd5 Rxd5 22. Bxd5 Be6 23. Nf4 Bxd5 24. Nxd5
Qd6 $11) 20... Nc6 21. Rxd5 Be6 (21... Rxd5 22. Bxd5 Be6 23. Bxe6 fxe6 $14) 22.
Rxd8+ Rxd8 23. Nf4 Bc4 24. Rc1 (24. a3 $11) 24... a3 $5 25. Qb1 $6 (25. Qc2 Ne5
26. e4 b5 27. Nd5 $11) 25... Ne5 26. Qxb7 (26. Qc2 b5 27. e4 $11) 26... Qxb7
27. Bxb7 g5 28. Nh5 Bxa2 29. f4 $2 (29. Rc5 $1 Bc4 (29... Nc4 30. Bd5 Bb3 31.
Bxc4 a2 32. Rxg5+ Kf8 33. Bxb3 a1=Q+ 34. Kg2 Qa8+ $5 35. Kh3 (35. Kg1 Qb7 $19)
35... Qf3 36. Nf4 Rd6 (36... Qxf2 37. Rf5 Qxe3 38. Ne6+ Ke7 39. Nxd8 Qxb3 40.
Nxf7 $11) 37. Rh5 Qxf2 38. Rxh7 Rf6 39. Kg4 Qxe3 40. Bd5 Qd4 41. Bf3 Rg6+ 42.
Kh3 Rg7 43. Rxg7 $11) 30. Rxe5 a2 31. Rxg5+ Kf8 32. Ra5 Rd1+ 33. Kg2 a1=Q 34.
Rxa1 Rxa1 $11) 29... gxf4 30. gxf4 $6 (30. exf4 $142 Ng6 31. Rc3 Bb3 32. Rxb3
a2 33. Ra3 Rd1+ 34. Kf2 a1=Q 35. Rxa1 Rxa1 $15) 30... Ng4 $19 31. Rc3 (31. Bf3
Nxe3 32. Rc3 Nc4 33. Bd5 $1 Bb3 $3 $19) 31... Bb3 32. Rxb3 $8 a2 33. Ra3 $8
Rd1+ 34. Kg2 a1=Q 35. Rxa1 Rxa1 36. e4 $8 Ra2+ 37. Kg3 (37. Kh3 Nxh2 38. Bd5
Rd2 39. Ng3 (39. Nf6+ Kg7 40. Ne8+ Kf8 41. Nd6 f6 $19) 39... Nf3 40. Nf5 Nd4
41. Nd6 (41. Nh6+ Kg7 42. Nxf7 Ne2 43. Kg4 Rxd5 44. exd5 Kxf7 45. Kg5 Ng3 46.
Kh6 Kg8 47. Kg5 Kg7 48. Kg4 Ne4 49. Kf5 Nf6 50. d6 h6 $19) 41... Ne2 42. Kg4
Nc3 43. Bxf7+ (43. Nf5 Nxd5 44. exd5 f6 $19) 43... Kg7 44. e5 Rxd6 45. exd6
Kxf7 46. d7 Ke7 47. Kg5 (47. Kh5 Ne4 48. Kh6 Nf6 49. Kg7 h5 $19) 47... Ne4+ 48.
Kh6 Nf6 49. Kg7 h5 50. d8=Q+ Kxd8 51. Kxf6 h4 $19) 37... Nxh2 38. e5 (38. Bd5
Nf1+ 39. Kf3 Ra3+ 40. Kg4 Ne3+ 41. Kg5 Ra6 $19) 38... Nf1+ 39. Kf3 Ra3+ (39...
Nd2+ 40. Kg4 Nc4 41. Kg5 Ne3 42. Be4 Rh2 43. Bf3 (43. Nf6+ Kg7 44. Nh5+ Kh8 45.
Bf3 $17 (45. Nf6 h6#)) 43... Rb2 44. Be4 $17) 40. Kg4 h6 41. Be4 $2 (41. Nf6+
$1 Kg7 42. Ne8+ Kf8 43. Nd6 Rg3+ (43... Ne3+ 44. Kh5 Ra4 45. Be4 Ke7 46. Kxh6
Ke6 47. Kg7 Ra7 48. Kg8 f6 49. exf6 Kxf6 50. Kf8 Ke6 51. Nb7 $15) 44. Kh4 Rd3
45. Kh5 (45. Ba6 Rd4 46. Kh5 Rxf4 47. Kxh6 Ne3 48. Kg5 Rg4+ 49. Kh5 Rg1 $19)
45... Rh3+ 46. Kg4 $17) 41... Kf8 42. Nf6 Rc3 (42... Ra4 43. Bd3 Ne3+ 44. Kf3
Nc4 45. Bf5 (45. Ke2 Nb2 46. Be4 h5 $19) 45... Ra3+ $19) 43. Kh4 Ng3 44. Bb7
Kg7 45. Kg4 Kg6 46. f5+ (46. Be4+ Nxe4 47. f5+ Kg7 48. Nxe4 Rc4 49. Kf4 h5 50.
e6 fxe6 51. fxe6 h4 52. Kf5 (52. Kf3 Rb4 $19) 52... h3 $19 (52... Ra4 53. Nd6
h3 54. e7 Ra8 55. Ke6 h2 56. Nf5+ Kg6 57. Ng3 Kg5 $19)) 46... Kg7 47. Nd5 (47.
Ne8+ Kf8 48. Nd6 Ke7 49. Ba6 f6 50. Nc8+ Kf8 51. exf6 (51. e6 h5+ 52. Kf4 h4
53. Kg4 Rc2 $19) 51... Ne4 52. Kh5 Rc7 53. Kg6 Nc5 $19) 47... Rb3 48. Bc6 Ne4
49. f6+ Kf8 50. Nf4 (50. Kf4 Nc5 $19) 50... Rg3+ 51. Kh4 Re3 52. Ng2 Rc3 53.
Bxe4 (53. Bd5 Nf2 54. Nf4 Nd3 55. Nxd3 Rxd3 $19) 53... Rc4 54. Kg4 Rxe4+ {
Hecht: Abdrängen des weißen Königs vom h-Bauern, da auch e5 schutzbedürftig
ist. Einfache Technik.} 55. Kf5 Re2 56. Nf4 Rf2 57. Kg4 Rf1 58. Nh5 Rg1+ 59.
Kf4 (59. Ng3 {Hecht} Ke8 60. Kf3 Rxg3+ 61. Kxg3 Kd7 62. Kg4 Ke6 63. Kf4 h5 64.
Ke4 h4 65. Kf4 h3 66. Kg3 Kxe5 67. Kxh3 Kxf6 68. Kg4 Ke5 69. Kf3 Kf5 $19) 59...
Kg8 60. Ng7 Kh7 (60... Rxg7 {Hecht} 61. fxg7 Kxg7 62. Kf5 Kh7 63. Kf6 Kg8 64.
e6 $11) 61. Nf5 h5 62. Ne7 h4 (62... h4 {Hecht} 63. Nf5 h3 64. e6 fxe6 65. f7
Rf1+ $19) 0-1

[Event "Dubai op"]
[Site "Dubai"]
[Date "2001.04.16"]
[Round "2"]
[White "Ehlvest, Jaan"]
[Black "Pavasovic, Dusko"]
[Result "0-1"]
[WhiteElo "2630"]
[BlackElo "2515"]
[Annotator "Tsesarsky,I"]
[PlyCount "60"]
[EventDate "2001.04.15"]
[EventType "swiss"]
[EventRounds "9"]
[EventCountry "UAE"]
[SourceTitle "CBM 083"]
[Source "ChessBase"]
[SourceDate "2001.07.05"]
[SourceVersion "1"]
[SourceVersionDate "2001.07.05"]
[SourceQuality "1"]

1. d4 d5 2. c4 e6 3. Nf3 c6 4. Nbd2 Nf6 5. g3 c5 6. Bg2 Nc6 7. cxd5 exd5 8. O-O
Bf5 $1 {[%cal Gf5e4][%mdl 4] This move is very strong here because Nb1 went
instead of active position on c3 - attacking Pd5 and Black Bc8 had to go to e6
- on more successfut point- d2. So eventually after d4 and c5 PP excange Nd2
will go to b3, and Bf5 will go to e4. In case of bright squares BB exchange
and in case of f2-f3 Be4-g6 moves Black equalizes.} ({All another replies are
worse, for example:} 8... c4 $6 9. b3 $14 {-see commented game 0-1 Yakovich,
Y-Tregubov,P/Krasnodar 1997/EXT 2000 [Tsesarsky,I](62)}) (8... Be6 $6 9. dxc5
Bxc5 10. Nb3 Bb6 11. Nbd4 O-O 12. b3 Ne4 13. Bb2 Rc8 14. Rc1 $14 {0-1 Kalinski,
K-Izvozchikov,A/Vilnius 1972/EXT 2001 (33)}) (8... h6 $6 9. dxc5 Bxc5 10. Nb3 (
10. a3 O-O 11. b4 Bb6 12. Bb2 {Here Black could apply pecommended above
manoeuvre:} Bf5 $1 {[%cal Gf5e4]} (12... Re8 13. Nb3 Qe7 14. e3 Bg4 15. Rc1
Rad8 16. b5 Na5 17. Nxa5 Bxa5 18. Qa4 Bxf3 19. Bxf3 Bb6 $14 {1/2-1/2 Rogers,
I-Raicevic,V/Valjevo 1984/MCD (43)}) 13. Rc1 Re8 14. Nb3 Be4 15. e3 $11) 10...
Bb6 11. Bf4 Bf5 12. Ne5 Be4 13. Bh3 $1 $14) (8... cxd4 $6 9. Nb3 Be7 10. Nbxd4
O-O 11. b3 Re8 12. Bb2 $14 {time. 1-0 Bischoff,K-Boehm,J/Dortmund 1985/MCL (40)
}) 9. Qb3 $5 {This novelty doesn't bring to White nothing. Nd2 location is too
bad.} (9. dxc5 Bxc5 10. Nb3 (10. a3 O-O 11. b4 Bb6 12. Bb2 Qe7 13. Nb3 Rfd8 14.
Nfd4 Be4 15. Nxc6 (15. Bh3 Ne5 $1 {[%cal Ge5c4] a2-a3 and b2-b4 plan
disadvantage is c4 square weakening!}) 15... bxc6 16. Bd4 Bxg2 17. Kxg2 Ne4 18.
e3 {1/2-1/2 Psakhis,L-Grischuk,A/Torshavn 2000/CBM 78 ext (18)}) 10... Bb6 11.
Bg5 (11. Nfd4 Be4 12. Be3 (12. f3 Bg6 13. Be3 O-O 14. Bf2 $132) 12... O-O 13.
Nxc6 bxc6 14. Bd4 Bxg2 15. Kxg2 Ne4 16. Rc1 Rc8 17. Nc5 Qe7 18. b4 {1/2-1/2
Furman,S-Gufeld,E/Tbilisi 1959/URS-ch (18)}) 11... Be4 $1 $132 (11... h6 12.
Bxf6 Qxf6 13. Qxd5 Rd8 14. Qc4 Qxb2 15. Nc5 O-O 16. Na4 Qb4 17. Qxb4 Nxb4 18.
Nxb6 axb6 19. e3 $14 {1-0 Lugovoi,A-Solovjov,S/St Petersburg 1998/CBM 67 ext 
(60)})) 9... Qb6 $5 10. Qe3+ $6 $15 {This strange check is a source of next
troubles. White Q will be attacked and "will feel" badly on e3.} ({Right was} 
10. Qxb6 axb6 $11) 10... Be6 11. Nb3 (11. dxc5 $143 $6 Bxc5 12. Qd3 Nb4 $1 {
[%cal Gb4d3]} (12... Bxf2+ 13. Rxf2 Ng4 14. e3 Nxf2 15. Kxf2 $14) (12... Ng4
13. e3) 13. Qb3 {White Q suffers too hard...} (13. Qb1 Bxf2+ $1 14. Rxf2 Ng4
$19) 13... Ng4 {[%csl Rf2]} (13... Ne4 14. e3 $132) 14. e3 d4 $17) (11. Nb1 $2
cxd4 $17) 11... c4 12. Nbd2 Be7 (12... Bb4 13. a3 Ng4 14. Qf4 Be7 15. e3 h6 {
[%csl Rf4][%cal Gg7g5]} 16. Ne1 O-O (16... Bg5 17. Qf3) 17. Nc2 Nf6 18. h3 $15
{[%csl Rc1,Rd2][%cal Gb6b2]}) 13. b3 ({Interesting was} 13. Nb1 $5 O-O 14. Nc3
Rfe8 $15) 13... O-O ({Only equal position can reach Black after} 13... Ng4 $2
14. Qc3 (14. Qf4 $4 $19 g5 15. Nxg5 Nxd4 {[%csl Rf4][%cal Gd4e2]} 16. Kh1 (16.
Re1 Bd6 $19) 16... Nxe2 (16... Bd6 17. Nxc4 dxc4 18. Qe4 Nf6 19. Qxb7 Qxb7 20.
Bxb7 Rb8 $17) 17. Qf3 Nd4 18. Qf4 Bd6 $19) 14... Bb4 (14... Qb4 15. Bb2 Qxc3
16. Bxc3 b5 17. bxc4 bxc4 (17... dxc4 18. Ne1 $18 {[%csl Ra8,Rc6,Re6][%cal
Gg2a8,Gd4d5]}) 18. Rab1 $14) 15. Qc2 c3 16. Nb1 Nxd4 17. Nxd4 Qxd4 18. a3 Bc5
19. e3 Qf6 20. Qxc3 Be7 21. Bb2 Qh6 22. h3 Bf6 23. Qd2 Bxb2 24. Qxb2 Nf6 $132)
14. Bb2 Rac8 (14... Rfe8 $5 {[%cal Ge8e3]}) 15. h3 $2 $17 (15. Rab1 $2 Qa6 $1
$17 {[%csl Ra2,Re3][%cal Ga6a2]}) ({Right was} 15. Rfb1 $1 {and here:} Ng4 ({or
} 15... Rfe8 16. bxc4 dxc4 17. Ba3 Qa5 18. Bxe7 Rxe7 19. Rc1 Bd5 20. Qf4 (20.
Qc3 $2 Qxc3 21. Rxc3 Rxe2 22. Nxc4 Na5 $19 {[%csl Rc4]}) 20... Rxe2 21. Nxc4
Bxc4 22. Rxc4 Rce8 23. Rc5 Qb4 24. Rcc1 $15) 16. Qf4 (16. Qc3 Bb4 17. Qc2 c3
$19) 16... Qd8 17. Nf1 Bd6 18. Qd2 b5 $15) 15... Rfe8 $1 {[%csl Re3][%cal
Ge8e3] It is too crowded to white Q...Re8 "x-rays" are unpleasant.} 16. Rfc1 $2
$19 {The last mistake in the game.} (16. a3 $142 Na5 $1 17. b4 Nc6 $17 {
[%cal Ga7a5,Ge8e3]} 18. Bc3 (18. Qc3 {[%tqu "En","?","","","c6b4","",10]} Nxb4
$1 19. axb4 Bxb4 20. Qc2 c3 $19) 18... Bxh3 19. Bxh3 Bxb4 20. axb4 (20. Ne5
Bxc3 21. Qxc3 Nxd4 {[%csl Re2,Re5]} 22. Qe3 Rxe5 $1 23. Qxe5 Re8 24. Qg5 h6 25.
Qh4 Rxe2 $19) 20... Rxe3 21. fxe3 Re8 22. Kf2 Nxb4 $17) 16... Bb4 $1 {[%cal
Gc4c3] Threatening Be6xh3 and c4-c3} ({Interestng was} 16... c3 $5 {But after
right} 17. Rxc3 $1 (17. Bxc3 Ba3 18. Qd3 (18. Rc2 Bf5 $19) 18... Bxc1 19. Rxc1
Nb4 20. Qb1 Bf5 $1 21. Qxf5 Nxa2 22. Ra1 Nxc3 23. e3 a5 $19) (17. Qxc3 Nb4 18.
Qe3 Nc2 19. Qd3 Nxa1 20. Rxa1 $17) 17... Bb4 18. Rcc1 Bxh3 19. Qd3 Bxg2 20.
Kxg2 $15 {Black has only slight advantage.}) 17. bxc4 (17. Qf4 c3 18. Bxc3 Bxc3
19. Rxc3 Nxd4 $1 $19 {[%csl Rc3,Rf4][%cal Gd4e2]}) 17... dxc4 $1 ({Not so
effective} 17... Bxh3 18. Qd3 (18. c5 $6 Qa6 $1 (18... Bxc5 19. Qb3 Bxg2 20.
Kxg2 Qxb3 21. axb3 Bd6 22. e3 a6 23. Ba3 $17) 19. Qd3 Qxd3 20. exd3 Bxg2 21.
Kxg2 Re2 22. Bc3 Ng4 $19 {[%csl Rf2][%cal Gg4e3,Gg4f2]}) 18... Bxg2 19. Kxg2
Bxd2 20. Qxd2 Ne4 21. c5 $1 Nxd2 22. cxb6 Nc4 23. Bc3 Rxe2 24. bxa7 Nxa7 $19 {
Of course, in order to win this position Black must play precisely.}) 18. d5 {
Despair} ({Hopeless also} 18. Rab1 Bf5 19. Nxc4 Qa6 $19) 18... Qxe3 19. fxe3
Nxd5 20. Nxc4 b5 21. Nce5 Nxe5 22. Nxe5 (22. Bxe5 Nxe3 $19) 22... Nxe3 23. Bc6
Red8 24. Bxb5 Nc2 ({Or} 24... Bxh3 25. Bd3 Bc5 26. Ba6 Rc7 27. Kh2 Be6 $19) 25.
Nc6 (25. Rab1 Bxa2 $19) 25... Rxc6 26. Bxc6 Nxa1 27. Bxa1 Bxa2 28. Kf2 a5 29.
e3 Rc8 30. Bb2 Bb3 {[%cal Ga5a1]} 0-1

[Event "RUS-Cup4"]
[Site "Perm"]
[Date "1997.??.??"]
[Round "9"]
[White "Chiburdanidze, Maia"]
[Black "Beshukov, Sergei"]
[Result "1-0"]
[WhiteElo "2535"]
[BlackElo "2435"]
[Annotator "Tsesarsky,I"]
[PlyCount "43"]
[EventDate "1997.02.02"]
[EventType "swiss"]
[EventRounds "9"]
[EventCountry "RUS"]
[SourceTitle "CBM 058"]
[Source "ChessBase"]
[SourceDate "1997.06.01"]
[SourceVersion "1"]
[SourceVersionDate "1997.06.01"]
[SourceQuality "1"]

1. d4 d5 2. c4 c6 3. Nf3 e6 4. Nbd2 Nf6 5. e3 c5 6. b3 cxd4 (6... Nc6 7. Bb2
Be7 8. Bd3 O-O 9. O-O b6 10. Qe2 Bb7 11. Rfd1 Qc7 12. Rac1 Rad8 13. dxc5 bxc5
14. Bxf6 Bxf6 15. cxd5 exd5 16. Rxc5 $16 {Smyslov,V-Shabalov,A/Tilburg 1993/
1-0 (77)}) (6... dxc4 7. Bxc4 cxd4 8. Nxd4 Bd6 9. Bb2 O-O 10. O-O Bd7 11. Be2
Nc6 $11 12. Nc4 Bc5 13. Bf3 Rc8 14. Nb5 Be7 15. Nbd6 Rc7 16. Nb5 Rc8 17. Rc1 a6
18. Nbd6 Rc7 19. Qd2 {1/2-1/2 Jussupow,A-Anand,V/Moscow Alekhine 1992}) (6...
Nbd7 7. Bb2 b6 8. cxd5 exd5 9. Bd3 Bb7 10. O-O Bd6 11. dxc5 Bxc5 12. Nd4 $14 {
Sherbakov,R-Beshukov,S/Russia Cup GP 1997/1-0 (48)}) 7. exd4 (7. Nxd4 Bb4 8.
Bb2 O-O 9. a3 Be7 10. Be2 b6 11. cxd5 Nxd5 12. O-O Bb7 13. Rc1 Bf6 $6 14. Ne4
Be7 15. Bd3 Nf6 16. Qc2 Nbd7 17. b4 Rc8 18. Qb1 $11 {Burkart,P-Thinius,M/BL
1993/1/2-1/2 (41)}) 7... Be7 (7... Nc6 8. Bb2 Be7 (8... Ne4 9. Bd3 Bb4 10. O-O
Nxd2 11. Nxd2 dxc4 12. Nxc4 O-O 13. Be4 Ne7 14. Qd3 Ng6 15. Rfd1 Rb8 16. d5 $1
$16 {Karpov,A-Kaidanov,G/Tilburg 1993/1/2-1/2 (48)}) 9. Bd3 (9. Rc1 O-O 10. Bd3
Bd7 11. O-O Nh5 $2 12. Re1 Nf4 13. Bb1 Bd6 14. g3 Ng6 15. Ne5 $14 {1-0
Kasparov,G-Deep Blue/Philadelphia sp 1996 (42)}) 9... dxc4 10. bxc4 Nxd4 11.
Nxd4 e5 12. Qa4+ Bd7 13. Nb5 a6 14. Qb3 axb5 15. cxb5 O-O 16. O-O Be6 17. Qc2
Rc8 18. Qb1 Qd7 $132 {1/2-1/2 Pachman,L-Botvinnik,M/Munich ol 1958 (28)}) (7...
Bb4 8. Bb2 (8. Qc2 Nc6 9. a3 Bxd2+ 10. Qxd2 dxc4 11. bxc4 O-O 12. Bd3 b6 13.
Bb2 Bb7 14. O-O Rc8 15. Rac1 Ne7 16. Ne5 $14 {Melzer,J-Biebinger,G/BL2-SW 1988/
0-1 (46)}) 8... dxc4 9. bxc4 Qa5 10. Bd3 Bc3 11. Qc2 Bxb2 12. Qxb2 Nc6 13. O-O
O-O 14. Ne4 Nxe4 15. Bxe4 Qc7 16. Rac1 $14 {1-0 Vaganian,R-Mnatsakanian,E/
Erevan 1976 (34)}) 8. Bb2 b6 9. Rc1 (9. Bd3) 9... dxc4 $6 (9... Bb7 10. Bd3 Nc6
11. O-O O-O $11) 10. bxc4 O-O 11. Bd3 Bb7 (11... Ba6 12. O-O Nc6 {[%cal Ga8c8,
Gc6a5]}) 12. O-O Nc6 13. Qe2 Rc8 14. Rfd1 Qd6 (14... Re8) 15. Nf1 Rfd8 (15...
Nb4 16. Bb1 Nh5 $1 (16... Qf4 17. d5 $1 $16) 17. a3 Nf4 18. Qe3 Na6 19. Ng3
Rfd8 20. Ne4 Bxe4 21. Qxe4 f5 (21... Ng6 22. g3 $16) 22. Qe3 Bf6 23. Re1 Rc6 (
23... Nc7 24. c5 $18) 24. Ne5 Bxe5 25. Qxe5 (25. dxe5 $2 Qd2 $15) 25... Qxe5
26. Rxe5 Nc7 $14) 16. Ng3 Qb8 $2 (16... Nb4 17. Bb1 a6 18. a3 Nc6 19. Re1 $1
$14 (19. Ne5 Nxe5 20. dxe5 Qc6 $11 {[%csl Rg2]}) (19. d5 exd5 20. cxd5 (20. Nf5
Qe6) (20. Bxf6 Qxf6 21. cxd5 Na7 22. Rxc8 Nxc8 23. Qc2 g6 24. Qc7 Bxd5 25. Rxd5
Rxd5 26. Qxc8+ Rd8 $15) 20... Nxd5 21. Bxg7 Nf4 22. Qc2 Qg6 23. Bb2 Qxc2 24.
Bxc2 Rxd1+ 25. Rxd1 Na5 $132)) 17. d5 $1 exd5 18. Nf5 dxc4 (18... Re8 19. cxd5
Bf8 (19... Nxd5 20. Nxg7 $1 Nf4 21. Bxh7+ Kxh7 22. Qe4+ f5 23. Qxf5+ Kg8 24.
Nxe8 $18) 20. Qd2 Nxd5 21. Bxg7 $1 Qf4 (21... Bxg7 22. Qg5) (21... Nce7 22. Be5
) 22. Qb2 f6 23. Rc4 (23. Bxf6 Ncb4 $1 $13) 23... Qc7 24. Nh6+ Kxg7 25. Rg4+
Kxh6 26. Qd2+ Nf4 (26... Re3 27. fxe3 Nce7 28. e4+ Nf4 29. Rxf4 Kg7 30. Rh4 $18
) 27. Rh4+ $1 (27. Rxf4 Kg7 28. Rh4 Re7 $19) 27... Kg7 28. Rxh7+ Kg8 29. Rxc7
Nh3+ 30. gxh3 Rxc7 31. Bc4+ Kh8 32. Qf4 Ne5 33. Nxe5 fxe5 34. Qf5 $18) 19. Bxc4
Bc5 (19... Rxd1+ 20. Rxd1 Rc7 21. Ng5 Bc5 22. Bxf6 gxf6 23. Nxf7 $18) (19...
Rc7 20. Bxf7+ $1 Kxf7 21. Qc4+ $1 (21. Ng5+ $4 Kg6 (21... Kf8 22. Ne6+ Kg8 23.
Bxf6 $1 $18) 22. Nh4+ Kxg5 23. Rc4 (23. Rc5+ Bxc5 24. Bc1+ Kxh4 25. g3+ Kh3 26.
Qf1+ Kg4 $19) (23. f4+ Kh6 $8 24. g4 Rxd1+ 25. Rxd1 g6 (25... g5 $2 26. fxg5+
Kg7 (26... Kxg5 27. Bc1+ Kxh4 28. Qf2+ Kxg4 29. Qf4+ Kh5 (29... Kh3 30. Qg3#)
30. Qg5#) 27. gxf6+ (27. Nf5+ Kf8 28. gxf6 Bc5+ 29. Kf1 Nb4 $19) 27... Bxf6 28.
Nf5+ Kg6 29. Bxf6 Qc8 (29... Kxf6 30. Rd6+ Kf7 31. Qe6+ Kf8 32. Qf6+ Ke8 33.
Qh8+ Kf7 34. Rf6#) 30. Bb2 $18) 26. g5+ Kg7 27. Qe6 (27. Rd6 Bxd6 28. Bxf6+ Kg8
$19) 27... Qf8 28. Rd6 Qf7 29. gxf6+ Kg8 30. fxe7 Qxe6 31. Rxe6 Rxe7 $17) 23...
Kh6 $19) 21... Kf8 $8 22. Ng5 Rxd1+ (22... Bc5 23. Ne6+ Kf7 24. Nxd8+ Kg6 25.
Bxf6 $18) 23. Rxd1 Nd8 24. Rxd8+ $1 Bxd8 25. Ba3+ Ke8 26. Qe6+ Be7 27. Nxg7+
Kd8 28. Nf7#) 20. Nxg7 $4 {The game-notation looks a little bit obscure.} (20.
Bxf6 $1 gxf6 21. Nh6+ Kg7 22. Nxf7 Rxd1+ (22... Rf8 23. Rd7 Rc7 24. Nd4 Rxf7
25. Qg4+ Kh8 (25... Kf8 26. Bxf7 Rxd7 27. Qg8+ Ke7 28. Nf5#) 26. Rxf7 Rxf7 27.
Nxc6 Bxc6 28. Bxf7 $18) 23. Rxd1 Qf4 (23... Na5 24. N7g5 $1 (24. Be6 Re8 25.
Qd2 (25. Nh4 Qf4 $19) 25... Rxe6 26. Qh6+ Kg8 (26... Kxf7 27. Qxh7+ Ke8 28.
Qg8+ $18) 27. Rd8+ Qxd8 28. Nxd8 Rd6 29. Nd2 Rxd8 30. Qxf6 Rf8 31. Qg5+ Kf7 $17
) 24... Bxf3 (24... Bxf2+ 25. Kxf2 Bxf3 26. Qe7+ (26. Rd7+ Kg6 27. Bd3+ Kxg5
28. Rg7+ Kh6 29. Rxh7+ Kg5 30. h4+ Kf4 31. Qe3+ Kg4 32. Qxf3#) 26... Kg6 27.
Bf7+ Kxg5 28. h4+ Kxh4 29. Qxf6+ $18) 25. Rd7+ Kh6 (25... Kg6 26. Bd3+ $18) 26.
Nf7+ Kg7 27. Nd6+ Kh8 28. Qe7 $18) 24. Rd7 Rc7 25. Nd8+ $1 $18 Kh6 (25... Rxd7
26. Ne6+) 26. Ne6 Qxc4 27. Qxc4 Rxd7 28. Qh4+ Kg6 29. Nf8+ $1 Bxf8 30. Qg4+ $18
) 20... Rd6 $4 (20... Kxg7 21. Nh4 (21. Bxf6+ Kxf6 22. Qb2+ Ne5 $19) (21. Ng5
Nd4 $19) 21... Qf4 $19) 21. Nf5 Re6 $4 (21... Rxd1+ 22. Rxd1 Qf4 23. Bxf6 (23.
Ne3 Rd8 24. Rxd8+ Nxd8 25. Be5 Bxf3 26. Bxf4 Bxe2 27. Bxe2 Ne6 28. Be5 Bd4 29.
Bxd4 Nxd4 30. Bd3 $14) 23... Qxf5 24. Bb2 Na5 (24... Be7 25. Bd3 Qg4 26. Be4
$16) 25. Bd3 Bxf3 26. gxf3 Qh5 27. Kh1 Kf8 28. Rg1 $16) 22. Bxe6 $18 (22. Qd2
$4 {?? 1 : 0 Bulletin} Ne4 23. Qd7 Rc7 24. Bxe6 (24. Nh6+ Kf8 25. Bxe6 Rxd7 26.
Bxd7 Nxf2 $17) 24... Rxd7 25. Bxd7 Nxf2 $17) 1-0